000 00960nam a2200265Ia 4500
003 OSt
005 20220923225025.0
006 a|||||r|||| 00| 0
007 ta
008 220922b |||||||| |||| 00| 0 hin d
020 _c40
024 _a255,313
037 _cTextual
040 _aARTS
_cARTS
_bhin
041 _2hin
_ahin
082 _aO152,2:g, L5
100 _aशर्मा, सूरजकान्त
245 0 _aहिन्दी नाटक में पात्र कल्पना और चरित्र - चित्रण
246 _aHindī nāṭak mean pātra kalpanā aur charitra - chitraṇa
260 _aदिल्ली
_b एस. ई. एस. बुक कम्पनी
_c1975
300 _a310पृ.
_ccm.
650 _aहिन्दी साहित्य
_9156264
942 _hO152,2:g, L5
_cTEXL
_2CC
999 _c375458
_d375458